Classement Ligue 1 2000/2001 - Statistiques

Statistiques générales
  • Ce quiz a été pris 71 fois
  • Le résultat moyen est 14 sur 18
Statistiques - réponses
Classement Club Points % Correct
9 Paris Saint Germain 44
100%
15 Olympique de Marseille 40
98%
4 Girondins de Bordeaux 57
97%
1 FC Nantes 68
95%
2 Olympique Lyonnais 64
95%
3 LOSC Lille 59
92%
6 Stade Rennais 50
92%
14 RC Lens 40
89%
11 AS Monaco 43
88%
16 AS Saint Etienne 37
86%
18 RC Strasbourg 29
80%
17 Toulouse 34
80%
13 AJ Auxerre 41
77%
12 FC Metz 42
75%
8 SC Bastia 45
55%
10 En Avant De Guimgamp 44
51%
5 CS Sedan 52
48%
7 Troyes 46
45%
Aucun quiz correspondant
Distribution des résultats
% des personnes avec chaque résultat
Percentile par nombre de réponses
Votre historique - résultats
Vous n’avez pas pris ce quiz